| 000 | 00665nam a22002057a 4500 | ||
|---|---|---|---|
| 005 | 20240607090112.0 | ||
| 008 | 240606b |||||||| |||| 00| 0 eng d | ||
| 020 | _a0340885688 | ||
| 082 |
_a616.01 _bWAK-T |
||
| 100 | _aWakelin Derek Cox. | ||
| 245 |
_aTopley&Wilson's Microbiology & Microbial Infections ; _bParasitology _cWakelin Derek Cox, Stephen H. Gillespie, Dickson D Depposmmier |
||
| 250 | _a10th ed. | ||
| 260 |
_aUSA; _bBritish Library; _c1990. |
||
| 300 |
_aix; 889p. _bill; _c27 cm. |
||
| 500 | _aInclude index . | ||
| 650 | _aMedical / Microbiology | ||
| 700 | _aStephen H. Gillespie, | ||
| 700 | _aDickson D Depposmmier | ||
| 999 |
_c35854 _d35854 |
||